000 00327nam a22001217a 4500
008 160427b xxu||||| |||| 00| 0 eng d
020 _a9780801678882
020 _a0801678889
041 _aeng
080 _a618.2
245 _aMedical surgical nursing :
_cWilma J. Phipps; Virginia Cassmeyer; Judith K. Sands;
942 _2udc
_cBK
999 _c1633
_d1633